Guess 20 Celtic footballers by image - Statistics

General Stats
  • This quiz has been taken 220 times
  • The average score is 12 of 20
Answer Stats
Picture Answer % Correct
Joe Hart
95%
Virgil van Dijk
93%
Henrik Larsson
87%
Roy Keane
85%
Fraser Forster
78%
Kolo Toure
77%
Robbie Keane
73%
Kieran Tierney
67%
Shunsuke Nakamura
62%
Moussa Dembele
60%
Callum McGregor
55%
Georgios Samaras
54%
Scott Brown
54%
Kenny Dalglish
50%
Craig Gordon
41%
Teemu Pukki
41%
Timothy Weah
36%
Paolo Di Canio
34%
Jimmy Johnstone
33%
Jason Denayer
32%
No matching quizzes found
Score Distribution
Percent of People with Each Score
Percentile by Number Answered
Your Score History
You have not taken this quiz